| 000 | 00728nam a2200229 a 4500 | ||
|---|---|---|---|
| 001 | BRL_654 | ||
| 005 | 20190320210834.0 | ||
| 008 | 230913s1937----au-c######---#000-0dger-# | ||
| 041 | _ager | ||
| 044 | _aau | ||
| 050 | 4 |
_aQD22.C8 _b.C87 1937 |
|
| 100 | 1 |
_aCurie, Eve _d1904-2007 _924533 |
|
| 245 | 1 | 0 |
_aMadame Curie _bleben und wirken _cEve Curie ; berechtigte übertragung aus dem französischen von Maria Giustiniani |
| 260 |
_aWien _bBermann-Fischer _c1937 |
||
| 300 |
_a458 p. _bil. _c21 cm. |
||
| 500 | _aIncluye dedicatoria para Ruth Lechuga en Alemán de 1941 | ||
| 500 | _aAu764 | ||
| 600 | 1 | 4 |
_aCurie, Marie _d1867-1934 _vBiografía _924534 |
| 700 | 1 |
_aGiustiniani, Maria _etr. _924535 |
|
| 902 | _aGRL | ||
| 942 |
_2lcc _cB |
||
| 999 |
_c9466 _d9466 |
||